000 01095nam a22002417a 4500
003 OSt
005 20210317110042.0
008 210317b1999 ck a|||br|||| 00| 0 spa d
020 _a9586383180
040 _aCO-JMCR
_cCO-JMCR
041 0 _aspa
082 0 4 _aC /
_bJARr
_223
100 1 _aJaramillo Muñoz, Héctor,
_ecompilador
_936195
245 1 3 _aEl reino mágico de los cuentos de animales /
_crecopilación y adaptación de textos, Héctor Jaramillo Muñoz ; ilustraciones Clarita Ochoa Vélez
250 _aPrimera edición
260 _aBogotá :
_bEditorial Colina,
_c1999
300 _a87 páginas :
_bilustraciones a blanco y negro ;
_c31 cm.
505 0 _aEl gato con botas -- El rey de los animales -- Los tres cerditos -- Estrellita -- Las orejas de Tío Conejo -- El ruiseñor -- El mejor correo -- El patito feo -- Una travesura de pequeño Guatín -- Otra travesura de pequeño Guatín
650 1 4 _aCuentos infantiles
_vColecciones
_936196
650 2 4 _aAnimales
_vCuentos
_vColecciones
_936197
700 1 _aOchoa Vélez, Clarita,
_eilustradora
_936198
942 _2ddc
_cBK
999 _c15404
_d15404